[Event "Titled Tuesday intern op 16th Apr Late"]
[Site "Chess.com INT"]
[Date "2024.04.16"]
[Round "5"]
[White "Kazmaier, Daniel"]
[Black "Domingo Nunez, Ruben"]
[Result "1-0"]
[WhiteElo "2180"]
[BlackElo "2442"]
[PlyCount "87"]
[EventDate "2024.04.16"]
[EventType "swiss (blitz)"]
[EventRounds "11"]
[EventCountry "USA"]
[SourceTitle "CB17_2024"]
[SourceDate "2024.04.24"]
[SourceVersion "1"]
[SourceVersionDate "2024.04.24"]
[SourceQuality "1"]

1. d4 g6 2. Nf3 Bg7 3. Bf4 Nf6 4. c3 d6 5. Nbd2 0-0 6. e4 Nbd7 7. Bd3 e5 8. Bg5 h6 9. Bh4 Re8 10. 0-0 Nf8 11. dxe5 dxe5 12. Nc4 N8d7 13. Bc2 Qe7 14. a4 b6 15. Re1 Ba6 16. Ne3 c6 17. a5 Nc5 18. b4 Red8 19. Qb1 Nd3 20. Rd1 Nf4 21. Rxd8+ Qxd8 22. Nxe5 Qc7 23. axb6 axb6 24. N5c4 Ne2+ 25. Kh1 Nxc3 26. Qb3 Ncxe4 27. f3 Nd6 28. Bg3 Nfe8 29. Rd1 Bf8 30. Ne5 Rd8 31. Nxg6 Nc4 32. Rxd8 Qxd8 33. Nxc4 fxg6 34. Nd6+ Kh7 35. Qf7+ Bg7 36. Qxe8 Qf6 37. h4 h5 38. Nf7 Bc4 39. Ng5+ Kh6 40. Ne4 Qa1+ 41. Kh2 Bd5 42. Bf4+ Kh7 43. Ng5+ Kh6 44. Qxg6# 1-0

[Event "Titled Tuesday intern op 12th Mar Late"]
[Site "Chess.com INT"]
[Date "2024.03.12"]
[Round "6"]
[White "Kaplan, Avi Harrison"]
[Black "Domingo Nunez, Ruben"]
[Result "1-0"]
[WhiteElo "2085"]
[BlackElo "2441"]
[PlyCount "203"]
[EventDate "2024.03.12"]
[EventType "swiss (blitz)"]
[EventRounds "11"]
[EventCountry "USA"]
[SourceTitle "CB12_2024"]
[SourceDate "2023.10.01"]
[SourceVersion "1"]
[SourceVersionDate "2023.10.01"]
[SourceQuality "1"]

1. b3 g6 2. Bb2 Nf6 3. Bxf6 exf6 4. c4 Bg7 5. Nc3 Kf8 6. g3 h6 7. Bg2 Kg8 8. e3 Kh7 9. Nge2 Re8 10. 0-0 c6 11. Qc2 d6 12. h4 Bf5 13. d3 Na6 14. Nd4 Nb4 15. Qd2 Qa5 16. a3 Na6 17. h5 Bg4 18. hxg6+ fxg6 19. b4 Qc7 20. f3 Bd7 21. Kf2 f5 22. Nde2 d5 23. cxd5 cxd5 24. Nxd5 Qd6 25. f4 Bc6 26. Ndc3 Bxg2 27. Kxg2 Rad8 28. d4 Nb8 29. Ng1 Qc6+ 30. Kf2 Nd7 31. Nf3 Nf6 32. Ne5 Rxe5 33. fxe5 Qxc3 34. Qxc3 Ne4+ 35. Kf3 Nxc3 36. Rfc1 Nd5 37. Rc4 g5 38. Rac1 h5 39. Rc8 g4+ 40. Ke2 Rd7 41. R1c5 h4 42. e6 Rd6 43. Rxd5 Rxe6 44. Rxf5 Bxd4 45. Rh5+ Kg6 46. Rxh4 Rxe3+ 47. Kd2 Rxg3 48. Rc4 Be3+ 49. Ke2 Kg5 50. Rh8 Bb6 51. Rg8+ Kf5 52. Rf8+ Ke6 53. Rff4 Re3+ 54. Kd2 g3 55. Rg4 Rxa3 56. Rc3 Rxc3 57. Kxc3 Kf5 58. Rg8 Kf4 59. Kd2 Kf3 60. Rf8+ Kg2 61. Ke2 Kh3 62. Kf3 Kh4 63. Rh8+ Kg5 64. Kxg3 Kf5 65. Kf3 Ke5 66. Rh4 Kd5 67. Ke2 Kc6 68. Kd3 Kb5 69. Kc3 Bc7 70. Rh5+ Kc6 71. Kc4 a6 72. Rh6+ Bd6 73. Kd4 Kc7 74. Kc4 b5+ 75. Kb3 Kc6 76. Rh7 Kb6 77. Rh6 Kc6 78. Rh5 Bf4 79. Rf5 Be3 80. Rf6+ Kb7 81. Rg6 Bd4 82. Kc2 Be5 83. Kd3 Bb2 84. Rg4 Kb6 85. Ke4 Ba3 86. Kd5 a5 87. Rg6+ Ka7 88. bxa5 b4 89. Kc4 Kb7 90. Kb5 b3 91. Rg7+ Kc8 92. Kc6 Kb8 93. Kb6 Kc8 94. a6 b2 95. Rg8+ Kd7 96. Rg1 Kd6 97. Rb1 Bc5+ 98. Kb5 Kd5 99. Rxb2 Bd4 100. Rd2 Ke4 101. Rxd4+ Kxd4 102. a7 1-0

[Event "Titled Tuesday intern op 13th Feb Late"]
[Site "Chess.com INT"]
[Date "2024.02.13"]
[Round "4"]
[White "Domingo Nunez, Ruben"]
[Black "Osmak, Iulija"]
[Result "0-1"]
[WhiteElo "2446"]
[BlackElo "2452"]
[PlyCount "106"]
[EventDate "2024.02.13"]
[EventType "swiss (blitz)"]
[EventRounds "11"]
[EventCountry "USA"]
[SourceTitle "CB08_2024"]
[SourceDate "2024.02.21"]
[SourceVersion "1"]
[SourceVersionDate "2024.02.21"]
[SourceQuality "1"]

1. e4 c5 2. d3 Nc6 3. Nf3 e6 4. Nbd2 d5 5. g3 Nf6 6. Bg2 Be7 7. 0-0 0-0 8. Re1 h6 9. e5 Nh7 10. h4 b5 11. Nf1 b4 12. Bf4 a5 13. Qd2 a4 14. N1h2 a3 15. b3 Re8 16. Ng4 Bf8 17. h5 Ba6 18. Ne3 Rc8 19. g4 Be7 20. Nf1 c4 21. Qe2 cxd3 22. cxd3 Ng5 23. Nxg5 Bxg5 24. Qe3 Bxf4 25. Qxf4 Bxd3 26. Ne3 Qg5 27. Qg3 Qxe5 28. f4 Qb2 29. g5 hxg5 30. fxg5 Nd4 31. Kh2 Nc2 32. Nxc2 Rxc2 33. Qxd3 Rxg2+ 34. Kh3 Rh2+ 35. Kg4 Qg2+ 36. Qg3 Qxg3+ 37. Kxg3 Rxh5 38. Kg4 Rh2 39. Rec1 e5 40. Kg3 Rd2 41. Rc5 e4 42. Rf1 e3 43. Rc7 Rf8 44. Re7 d4 45. Rf4 e2 46. Rfe4 d3 47. Kf2 Rd1 48. Rd7 Rf1+ 49. Kg2 e1Q 50. Rxe1 Rxe1 51. Rxd3 Re2+ 52. Kf3 Rxa2 53. Rd2 Rxd2 0-1

[Event "Titled Tuesday intern op 13th Feb Late"]
[Site "Chess.com INT"]
[Date "2024.02.13"]
[Round "3"]
[White "Spitzl, Vinzent"]
[Black "Domingo Nunez, Ruben"]
[Result "0-1"]
[WhiteElo "2365"]
[BlackElo "2446"]
[PlyCount "70"]
[EventDate "2024.02.13"]
[EventType "swiss (blitz)"]
[EventRounds "11"]
[EventCountry "USA"]
[SourceTitle "CB08_2024"]
[SourceDate "2024.02.21"]
[SourceVersion "1"]
[SourceVersionDate "2024.02.21"]
[SourceQuality "1"]

1. e4 g6 2. d4 Bg7 3. Nc3 c6 4. h3 d5 5. Nf3 dxe4 6. Nxe4 Nf6 7. Nxf6+ exf6 8. Bc4 0-0 9. 0-0 a5 10. a4 Na6 11. c3 Nc7 12. Bf4 Nd5 13. Bg3 Be6 14. Bb3 Re8 15. Re1 Qb6 16. Nd2 Qa6 17. Nc4 Nxc3 18. bxc3 Bxc4 19. Bc2 Bh6 20. Rb1 Be2 21. Rxe2 Qxe2 22. Bd3 Qxd1+ 23. Rxd1 Re7 24. Rb1 Bd2 25. Rb3 b5 26. axb5 a4 27. Ra3 Bc1 28. Ra2 cxb5 29. Bxb5 a3 30. d5 Bb2 31. d6 Re1+ 32. Kh2 Ra1 33. Rxa1 Bxa1 34. d7 Bxc3 35. Bc4 Be5 0-1

[Event "Titled Tuesday intern op 06th Feb Late"]
[Site "Chess.com INT"]
[Date "2024.02.06"]
[Round "1"]
[White "Domingo Nunez, Ruben"]
[Black "Bueno, Alfeu Varela Jr"]
[Result "1-0"]
[WhiteElo "2446"]
[BlackElo "2155"]
[PlyCount "65"]
[EventDate "2024.02.06"]
[EventType "swiss (blitz)"]
[EventRounds "11"]
[EventCountry "USA"]
[SourceTitle "CB07_2024"]
[SourceDate "2024.02.14"]
[SourceVersion "1"]
[SourceVersionDate "2024.02.14"]
[SourceQuality "1"]

1. b3 d5 2. Bb2 Nf6 3. g3 c5 4. Bg2 Nc6 5. Nf3 Bg4 6. 0-0 Qd7 7. d4 Bh3 8. Ne5 Nxe5 9. dxe5 Bxg2 10. Kxg2 Ng4 11. h3 Nh6 12. e4 dxe4 13. Nc3 Qc6 14. Qd5 Qxd5 15. Nxd5 0-0-0 16. Rad1 Nf5 17. g4 e6 18. Nc3 Nd4 19. Nxe4 Nxc2 20. Ng5 Rxd1 21. Rxd1 Be7 22. Nxf7 Rf8 23. Nd6+ Kc7 24. Rc1 Nb4 25. Rxc5+ Nc6 26. Rc4 Rd8 27. Ba3 a6 28. f4 b5 29. Rc2 Kb6 30. Bc5+ Kc7 31. Kf3 Rd7 32. Ke4 Bd8 33. Ba7 1-0

[Event "Titled Tuesday intern op 16th Jan Late"]
[Site "Chess.com INT"]
[Date "2024.01.16"]
[Round "1"]
[White "Khakhinov, Ilya"]
[Black "Domingo Nunez, Ruben"]
[Result "0-1"]
[WhiteElo "2236"]
[BlackElo "2439"]
[PlyCount "48"]
[EventDate "2024.01.16"]
[EventType "swiss (blitz)"]
[EventRounds "11"]
[EventCountry "USA"]
[SourceTitle "CB04_2024"]
[SourceDate "2023.10.16"]
[SourceVersion "1"]
[SourceVersionDate "2023.10.16"]
[SourceQuality "1"]

1. e4 g6 2. d4 Bg7 3. Nc3 c6 4. Nf3 d5 5. e5 f6 6. Bf4 Bg4 7. Be2 Bxf3 8. Bxf3 fxe5 9. Bxe5 Bxe5 10. dxe5 Nd7 11. Qe2 Qc7 12. Bg4 Nxe5 13. 0-0-0 Nxg4 14. Qxg4 Nf6 15. Qa4 0-0 16. h4 b5 17. Qd4 Qb6 18. Qe5 Qxf2 19. Qxe7 d4 20. Rd2 Qe3 21. Qc5 b4 22. Nd1 Qxd2+ 23. Kxd2 Ne4+ 24. Kd3 Nxc5+ 0-1

[Event "Titled Tuesday intern op 26th Sep Late"]
[Site "Chess.com INT"]
[Date "2023.09.26"]
[Round "9"]
[White "Moroni, Luca Jr"]
[Black "Domingo Nunez, Ruben"]
[Result "1-0"]
[WhiteElo "2571"]
[BlackElo "2417"]
[PlyCount "77"]
[EventDate "2023.09.26"]
[EventType "swiss (blitz)"]
[EventRounds "11"]
[EventCountry "USA"]
[SourceTitle "EXT 2024"]
[Source "ChessBase"]
[SourceDate "2023.10.10"]
[SourceVersion "1"]
[SourceVersionDate "2023.10.10"]
[SourceQuality "1"]

1. d4 g6 2. e4 Bg7 3. Nc3 c6 4. h3 d5 5. e5 f6 6. f4 Nh6 7. Be3 0-0 8. Be2 fxe5 9. dxe5 e6 10. g4 g5 11. fxg5 Nf7 12. Qd2 Nd7 13. 0-0-0 Ndxe5 14. h4 b6 15. h5 c5 16. g6 hxg6 17. hxg6 Nxg6 18. Bd3 Nfe5 19. Qh2 Nxd3+ 20. cxd3 Qf6 21. Nge2 Rf7 22. Ng3 Nf8 23. Nh5 Qg6 24. Nxg7 Qxg7 25. Bh6 Qh7 26. Qd6 Bd7 27. Bxf8 Qg6 28. Be7 Be8 29. Qe5 Rg7 30. Bf6 Rh7 31. Rxh7 Qxh7 32. Qxe6+ Bf7 33. Qf5 Qh6+ 34. g5 Qh5 35. Nxd5 Re8 36. Ne7+ Kf8 37. Re1 Qh4 38. Qe4 Qg3 39. g6 1-0

[Event "Titled Tuesday intern op 26th Sep Early"]
[Site "Chess.com INT"]
[Date "2023.09.26"]
[Round "9"]
[White "Vivaan, Vishal Shah"]
[Black "Domingo Nunez, Ruben"]
[Result "1-0"]
[WhiteElo "1954"]
[BlackElo "2417"]
[PlyCount "71"]
[EventDate "2023.09.26"]
[EventType "swiss (blitz)"]
[EventRounds "11"]
[EventCountry "USA"]
[SourceTitle "EXT 2024"]
[Source "ChessBase"]
[SourceDate "2023.10.10"]
[SourceVersion "1"]
[SourceVersionDate "2023.10.10"]
[SourceQuality "1"]

1. e4 g6 2. d4 Bg7 3. Nf3 c6 4. c4 d5 5. cxd5 cxd5 6. exd5 Nf6 7. Nc3 0-0 8. Bc4 Nbd7 9. 0-0 Nb6 10. Bb3 Nbxd5 11. Re1 a5 12. Ne5 Be6 13. Bg5 Qd6 14. Rc1 Qa6 15. Bxf6 Nxc3 16. bxc3 exf6 17. Nd3 Bxb3 18. axb3 b6 19. Qf3 Rac8 20. g3 Rfd8 21. Nf4 Qb5 22. c4 Qb4 23. Nd5 Qd6 24. Ne7+ Kf8 25. Nxc8 Rxc8 26. Red1 Bh6 27. Rc2 f5 28. Qb7 Rc7 29. Qb8+ Kg7 30. c5 Qe7 31. Qxb6 f4 32. d5 fxg3 33. hxg3 Rd7 34. c6 Rd6 35. Qd4+ Kg8 36. c7 1-0